[Event "Trophee Roza Lallemand Online"]
[Site "Tornelo INT"]
[Date "2020.12.13"]
[Round "4"]
[White "Estin Charbonnel, Lucie"]
[Black "Bergmann, Delphine"]
[Result "0-1"]
[WhiteElo "1390"]
[BlackElo "1625"]
[PlyCount "38"]
[EventDate "2020.12.13"]
[EventType "swiss (rapid)"]
[EventRounds "9"]
[EventCountry "USA"]
[SourceTitle "EXT 2022"]
[Source "ChessBase"]
[SourceDate "2021.10.06"]
[SourceVersion "1"]
[SourceVersionDate "2021.10.06"]
[SourceQuality "1"]

1. e4 c5 2. Nc3 e6 3. f4 a6 4. Nf3 Qc7 5. d3 Nc6 6. Be2 Nf6 7. 0-0 Be7 8. Qe1 b5 9. a3 Bb7 10. Qg3 Nh5 11. Qg4 g6 12. f5 exf5 13. exf5 Nd4 14. Nxd4 cxd4 15. Ne4 0-0-0 16. a4 b4 17. f6 Bf8 18. Ng5 Bd5 19. Qxd4 Bc5 0-1